| 000 | 00629nam a2200181 i 4500 | ||
|---|---|---|---|
| 001 | 42024 | ||
| 003 | ES-MaACL | ||
| 005 | 20230906160531.0 | ||
| 007 | t| | ||
| 008 | 030312s1955 cu ||||1| spa d | ||
| 100 | 1 |
_aCarbonell y Rivero, Néstor. _935074 |
|
| 245 | 1 | 0 |
_aElogio del Coronel Fernando Figueredo Socarrás / _cleído por Néstor Carbonell y Rivero en la sesión del 11 de julio de 1935. |
| 260 |
_aLa Habana : _bEl Siglo XX, _c1955. |
||
| 300 |
_a23 p. ; _c28 cm. |
||
| 500 | _aPrecede al tít.: Academia de la Historia de Cuba. | ||
| 710 | 2 |
_aAcademia de la Historia de Cuba. _91183 |
|
| 852 |
_aES-MaACL _j1695-F-7 |
||
| 999 |
_c42024 _d42024 |
||